Urban Design Group (Record no. 119692)
[ view plain ]
| 000 -LEADER | |
|---|---|
| fixed length control field | 00744cam a2200181 4500 |
| 001 - CONTROL NUMBER | |
| control field | WS108715 |
| 008 - FIXED-LENGTH DATA ELEMENTS--GENERAL INFORMATION | |
| fixed length control field | 000000n 000 0 eng u |
| 035 ## - SYSTEM CONTROL NUMBER | |
| System control number | (Sirsi) u108715 |
| 110 ## - MAIN ENTRY--CORPORATE NAME | |
| Corporate name or jurisdiction name as entry element | Urban Design Group |
| 9 (RLIN) | 2687 |
| 245 ## - TITLE STATEMENT | |
| Title | Urban Design Group |
| 520 ## - SUMMARY, ETC. | |
| Summary, etc. | Site for this organisation which aims 'to provide a forum for considering the contribution that design can make in creating civilised places'. Includes links to the 'Quarterly Journal of the Urban Design Group' back to 1994 and an index of practices and consultancies. |
| 650 ## - SUBJECT ADDED ENTRY--TOPICAL TERM | |
| Topical term or geographic name entry element | URBAN DESIGN |
| 650 ## - SUBJECT ADDED ENTRY--TOPICAL TERM | |
| Topical term or geographic name entry element | URBAN RENEWAL |
| 650 ## - SUBJECT ADDED ENTRY--TOPICAL TERM | |
| Topical term or geographic name entry element | PLANNING |
| 690 ## - LOCAL SUBJECT ADDED ENTRY--TOPICAL TERM (OCLC, RLIN) | |
| Topical term or geographic name as entry element | REGENERATION |
| 856 40 - ELECTRONIC LOCATION AND ACCESS | |
| Uniform Resource Identifier | <a href="https://www.udg.org.uk">https://www.udg.org.uk</a> |
| Public note | View the website free of charge at www.udg.org.uk... |
| 942 ## - ADDED ENTRY ELEMENTS (KOHA) | |
| Suppress in OPAC | 0 |
| Withdrawn status | Lost status | Source of classification or shelving scheme | Damaged status | Not for loan | Home library | Current library | Shelving location | Date acquired | Total Checkouts | Full call number | Barcode | Date last seen | Copy number | Price effective from | Koha item type |
|---|---|---|---|---|---|---|---|---|---|---|---|---|---|---|---|
| Dewey Decimal Classification | Virtual | Virtual | Online | 10/10/2000 | WEB SITE | 108715-2001 | 06/08/2019 | 1 | 06/08/2019 | Online material |